=LDR 00000nam 2200000 4500 =001 INLIS000000000000136 =005 20150120091138.0 =006 =007 =008 Ind =035 ##$$0010-061300000000136 =041 ##$$a Ind =082 ##$$a 92(Sukarno) =090 ##$$a 92(Sukarno), Ram k =100 ##$$a Ramadhan KH =245 ##$$a Kuantar ke gerbang, kisah cinta ibu inggit dengan Bung Karno / Ramdhan KH =260 ##$$aJakarta$bSinar Harapan$c1981 =300 ##$$a xii, 466 hlm. : ilus. ; 20 cm =650 ##$$a Sukarno =850 ##$$a NBPDMAT =990 ##$$a 0001/BPAP-NTB/20142014